000
00283nam a22001337a 4500
008
170907b xxu||||| |||| 00| 0 eng d
020
_a
9780470129050
041
_a
eng
080
_2
13TH
_a
91
100
_a
42
101
_a
GJEO
245
_a
GEOGRAPHY
_c
BLIJ,H,J
942
_2
udc
_c
BK
999
_c
26591
_d
26591